000 00700nab a2200181 4500
001 244442
003 OSt
005 20231108082644.0
007 tu
008 200917s2020|||||||
040 _aDE-2950
_cDE-2950
245 0 0 _aWie die Stadt attraktiver werden kann
_bBauen. Wohin soll sich Frankfurt entwickeln.? Welche Impulse braucht die Stadt für neue Jobs und Zuzug? Eine Fachtagung im Kleist Forum gab Anstöße und machte auf Probleme aufmerksam - zum Beispiel fehlende Baugrundstücke/
_cThomas Gutke
264 _c2023
653 _aFrankfurt (Oder)
653 _aStadtentwicklung
773 0 _g34. Jahrgang (2023) Nr. 250 vom 26.10.2023, S. 15: Foto
_tMärkische Oderzeitung
942 _2z
_cA
999 _c372808
_d372808